[Event "Beersheba 16th"]
[Site "Beersheba"]
[Date "1997.03.04"]
[Round "8"]
[White "Dvoirys, Semen I"]
[Black "Rozentalis, Eduardas"]
[Result "0-1"]
[WhiteElo "2590"]
[BlackElo "2650"]
[Annotator "Tyomkin,D"]
[PlyCount "62"]
[EventDate "1997.02.24"]
[EventType "tourn"]
[EventRounds "11"]
[EventCountry "ISR"]
[EventCategory "12"]
[SourceTitle "CBM 058"]
[Source "ChessBase"]
[SourceDate "1997.06.01"]
[SourceVersion "1"]
[SourceVersionDate "1997.06.01"]
[SourceQuality "1"]

1. e4 e5 2. Nf3 Nf6 3. Nxe5 d6 4. Nf3 Nxe4 5. d4 d5 6. Bd3 Be7 7. O-O Nc6 8. c4
Nf6 9. Nc3 O-O 10. cxd5 Nb4 (10... Nxd5 {is more popular theoretical line}) 11.
Bc4 (11. Re1 Nfxd5 {Tyomkin,D} (11... Nbxd5 12. Qb3 (12. Bg5 Be6 13. Ne5 $14 {
Veitch - Hooper, London 1954}) 12... c6 13. Bg5 h6 14. Bh4 (14. Nxd5 Nxd5 15.
Bxe7 Nxe7 16. Bc4 $14 {Pandavos - Jones, Thessaloniki ol 1988}) 14... Nf4 15.
Bf1 Ne6 16. Rad1 {+/= Beliavsky,A-Mascarinas,R/Lvov 1981}) 12. Bb1 Bg4 13. a3
Nxc3 14. bxc3 Nd5 15. Qd3 g6 16. Bh6 Re8 17. Ba2 Bf5 18. Qd2 c6 $11 19. c4 $6
Nf6 20. h3 c5 $15 {0-1 Vasiukov,E-Dolmatov,S/Moscow-4teams 1981 (59)}) 11...
Nbxd5 12. Ne5 $5 $146 (12. Re1 c6 13. Bg5 (13. Ne5 Be6 14. Bg5 Nxc3 15. bxc3
Bxc4 16. Nxc4 Nd5 17. Bxe7 Nxe7 {Urbaneja,J-Jones,I/Novi Sad olm VEN-WLS 1990/
1/2-1/2 (83)}) 13... Be6 14. Qb3 Nxc3 (14... Qb6 $142) 15. Bxe6 $16 {Unziker -
Rabar, Munich 1954}) 12... Be6 13. Qb3 Nxc3 14. bxc3 Bxc4 15. Nxc4 Qd5 16. Bf4
Nh5 (16... c5 $5 17. Rfe1 $14 {[%cal Ge1e5]} (17. dxc5 Bxc5 18. Rad1 Qc6 (18...
Qf5 19. Bd6 $16))) 17. Be5 f6 18. Rfe1 $1 (18. Bxc7 $2 Rac8 19. Bd6 Rxc4 20.
Bxe7 Nf4 21. f3 Rfc8 $17) 18... Rf7 $6 {[%cal Gb7b5]} (18... fxe5 $142 19. Rxe5
Qf7 $8 (19... Qd8 $4 20. Nd6+ Kh8 21. Nf7+ Rxf7 22. Qxf7 $18) 20. Nd2 (20. Na5
Bh4 21. Rxh5 (21. g3 Nf4 $1 {Tseitlin Ma}) 21... Bxf2+ 22. Kh1 Rae8 23. Rf5 (
23. Nxb7 Qxb3 24. axb3 Be1 $1 {Greenfeld A}) 23... Qxb3 24. Rxf8+ Kxf8 25. axb3
Be1 $1 $17) 20... Bh4 21. g3 Nf4 $5 (21... Nxg3 22. hxg3 $11) 22. gxf4 Qxb3 23.
axb3 Rxf4 $15) 19. Rab1 $6 (19. Bxc7 $5 {[%cal Gc4b6] /\Nb6} Rc8 20. Nd6 Qxb3
21. axb3 Rxc7 22. Nxf7 Kxf7 23. Rxa7 $14) 19... Bf8 20. Qa4 (20. Bg3 Nxg3 21.
hxg3 c5 $15) 20... Rd8 21. Na5 $2 (21. h3 c5 (21... fxe5 22. Rxe5 Qd7 (22...
Qd6 23. Rxh5 Qg6 24. Rhb5) 23. Qxd7 Rfxd7 24. Rxh5 c5 25. Ne5 Rc7 $14) 22. Ne3
(22. Bh2 cxd4 23. cxd4 Qxd4 24. Rbd1 (24. Red1 Qe4) 24... Qc3) 22... Qd7 23.
Qxd7 Rdxd7 24. Bb8 cxd4 25. cxd4 Rxd4 26. Bxa7 Ra4 27. Bb8 $11 {[%csl Rh5]
[%cal Gg2g4]}) 21... c5 22. Nc4 (22. Nb3 $2 {[%csl Yd4] This move disconnnects
all white pieces,as you see from this variation} fxe5 23. Rxe5 Qd6 $1 24. Rxh5
$141 Qg6 {[%cal Yg6h5,Yg6b1]}) 22... b6 (22... fxe5 23. Rxe5 Qd7 24. Qxd7 Rfxd7
25. Rxh5 cxd4 $15) 23. Rbd1 $4 (23. Bg3 $142 Nxg3 24. hxg3 cxd4 25. cxd4 Rc7 (
25... Qxd4 26. Red1 (26. Rbd1 $2 Qc3) 26... Qe4 27. Nxb6 $1) 26. Ne3 $15) 23...
fxe5 $1 {Black took the bishop in a right moment.} 24. dxe5 (24. Rxe5 Qd7 (
24... Qb7 25. Rxh5 Rxf2 26. Kxf2 Qf7+ 27. Kg1 Qxh5 28. Ne5 b5 $1 29. Qb3+ c4
$15) 25. Qxd7 Rfxd7 26. Rxh5 cxd4 $17) 24... Qa8 $19 25. e6 Re7 26. Nd6 g6 27.
Nf7 Rxd1 28. Qxd1 Nf4 29. Qg4 Nxe6 30. Nd6 Qd5 31. Ne4 Rf7 0-1

[Event "Maastricht Complete Chess m"]
[Site "Maastricht"]
[Date "2004.02.13"]
[Round "4"]
[White "Stellwagen, Daniel"]
[Black "Baramidze, David"]
[Result "1-0"]
[WhiteElo "2489"]
[BlackElo "2456"]
[Annotator "Van Reek,J"]
[PlyCount "97"]
[EventDate "2004.02.10"]
[EventType "match"]
[EventRounds "4"]
[EventCountry "NED"]
[SourceTitle "CBM 100"]
[Source "ChessBase"]
[SourceDate "2004.06.01"]
[SourceVersion "1"]
[SourceVersionDate "2004.06.01"]
[SourceQuality "1"]

1. e4 e5 2. Nf3 Nf6 {Baramidze plays a surprising opening.} 3. Nxe5 d6 4. Nf3
Nxe4 5. Nc3 $5 {White avoids sharp variations.} Nxc3 6. dxc3 Be7 7. Bf4 O-O 8.
Qd2 Nd7 9. O-O-O Re8 10. Kb1 (10. Bd3 {was played in Zapata - Morovic, Mario
Covas 2003.}) 10... Nc5 11. Be3 c6 12. Nd4 $5 ({The exchange} 12. Bxc5 dxc5 13.
Bd3 {keeps an even game.}) 12... d5 13. f3 Qb6 14. h4 $5 {Stellwagen plays a
couragious move. Both players plan an attack on the hostile king.} Bd6 15. Bf4
Qc7 $2 {A passive move.} 16. Bxd6 Qxd6 17. g4 Ne6 18. Nxe6 Qxe6 19. Bd3 Qf6 ({
Baramidze has chosen for the defence. He avoids} 19... Qe3 $4 20. Rhe1 $1) 20.
Rdf1 Bd7 21. g5 Qe5 22. f4 Qd6 $2 ({Another passive move. More active is} 22...
Qe3 23. Qd1 b5) 23. f5 $1 f6 24. gxf6 gxf6 25. c4 $6 ({The attack goes on with
} 25. Rhg1+ Kh8 26. Qh6 Rg8 27. Rg6 Raf8 28. Re1) 25... Kh8 26. cxd5 cxd5 27.
Rhg1 Rg8 28. a3 $2 ({An advantage is kept by} 28. Rg6 $1) 28... Rxg1 29. Rxg1
Rg8 30. Rxg8+ Kxg8 31. Be4 Kg7 $1 32. h5 ({The pointe is} 32. Qxd5 Qxd5 33.
Bxd5 b6 $1 {and Black regains the pawn.}) 32... b6 33. h6+ Kf8 34. Bd3 Qg3 35.
Qb4+ Kf7 36. Ka2 Qg5 $2 ({Black can force a draw by} 36... Qf3 $1 37. Qd6 Bxf5
38. Qc7+ Kg6 39. Qg7+ Kh5 40. Qxf6 Be4 41. Qxf3+ Bxf3 42. Bxh7 Kxh6) 37. Qd6
Bxf5 38. Qc7+ Kg6 39. Qg7+ Kh5 40. Qxa7 Bxd3 41. cxd3 Kxh6 42. Qxb6 {White has
a better pawn structure after the exchanges.} Qf5 ({Baramidze does not trust} 
42... Kg6 43. a4 h5 44. a5) 43. a4 Qxd3 44. Qxf6+ Kh5 45. Qc6 Qd2 46. Qb5 Kg5
47. a5 Qd4 48. a6 h5 49. Qa5 1-0

[Event "Prague Masters 1st"]
[Site "Prague"]
[Date "2019.03.07"]
[Round "2.1"]
[White "Vidit, Santosh Gujrathi"]
[Black "Gelfand, Boris"]
[Result "1-0"]
[WhiteElo "2711"]
[BlackElo "2655"]
[Annotator "Vidit,S"]
[PlyCount "91"]
[EventDate "2019.03.06"]
[EventType "tourn"]
[EventRounds "9"]
[EventCountry "CZE"]
[EventCategory "19"]
[SourceTitle "CBM 189"]
[Source "ChessBase"]
[SourceDate "2019.04.29"]
[SourceVersion "1"]
[SourceVersionDate "2019.04.29"]
[SourceQuality "1"]

{[%evp 0,91,19,38,25,16,13,9,21,38,31,34,35,46,28,8,14,-8,9,19,20,22,37,27,57,
38,55,30,116,87,73,99,91,85,84,90,83,84,83,83,77,79,91,81,79,76,75,77,79,83,83,
68,68,68,67,61,69,52,59,72,57,49,38,43,42,47,62,71,74,74,77,73,67,69,90,83,71,
67,83,123,124,118,175,175,179,194,192,205,210,224,234,216,220,222] Last time I
played against Gelfand, I missed 100 hundred wins and even got stalemated. So
this time I was more determined than ever to win.} 1. e4 e5 (1... c5 {The
Sicilian has been Gelfand's opening for decades. He used to play Najdorf, and
after his match against Anand his pet line became the Sveshnikov.}) 2. Nf3 Nf6
{Expected. In his 1v1 match against GM Markus Ragger, he employed the Petroff
regularly, although the results were a bit shaky.} 3. Nxe5 d6 4. Nf3 Nxe4 5.
Nc3 Nxc3 6. dxc3 Be7 7. Be3 O-O {This is all the rage of 2019. Chess has
become extremely concrete nowadays. Previously, Black used to play 'safe' with
Nc6, Be6 and castling queenside.} 8. Qd2 Nd7 9. O-O-O Nf6 (9... c6 {No one so
far has been able to break Fabiano's defenses in this line with c6-d5}) 10. Bd3
c5 {I first saw this line when GM Motylev played it against GM Anish Giri in
the World Cup 2017. My first impression of this system was dubious. Although
when Fabiano played it against Magnus at the WCh recently, I started to take
it more seriously.} 11. Kb1 {A rare move. Usually White plays Rfe1 but then it
is met with Be6, attacking the pawn on a2. The point of Kb1 is that now Be6
can be met with Ng5.} (11. Rhe1 {Gelfand managed to escape by a hair's breadth
in the 1st round against David Navara. David found some deep line where Black
had to be extremely precise to hold.} Be6 12. Bg5 (12. Kb1 Qa5 13. c4 Qxd2 14.
Bxd2 h6 {1/2-1/2 (55) Carlsen,M (2835)-Caruana,F (2832) London 2018}) 12... d5
13. Qf4 Re8 14. Re5 Qc7 15. Qh4 h6 16. Bxh6 $1 Ne4 17. Qf4 Nxf2 18. Qg3 Ng4 19.
Bf4 Bd6 20. Bh7+ {[#]} Kf8 (20... Kh8 {Walking in the fire with Kh8 was
apparently was the only move to survive!}) 21. Rde1 Rad8 22. Qh4 Nxe5 23. Nxe5
Bxe5 24. Bxe5 $16 {1/2-1/2 (100) Navara,D (2739)-Gelfand,B (2655) Prague 2019})
11... b5 {Played instantly.} 12. Rhe1 Rb8 13. Bg5 c4 $6 {The idea of playing
c4-d5 etc. is pretty standard in this line, but in this precise position it
just doesn't work.} (13... Be6 {is the most logical move.}) 14. Nd4 $1 Bd7 15.
Nf5 Bxf5 16. Bxf5 Ne4 {Probably Black's best bet. The attack on the queenside
is just too slow.} (16... d5 17. Qd4 b4 18. cxb4 h6 19. Bxf6 Bxf6 20. Qc5 $16)
17. Bxe4 Bxg5 18. Qxd6 Qxd6 19. Rxd6 Rfe8 20. Rdd1 {Although White has a
doubled pawn, his chances for winning seemed quite realistic since the Black's
queenside pawns were ripely placed on light squares.} Kf8 21. Bc6 Rxe1 22. Rxe1
Bf6 23. a3 $6 {Not a bad move in itself. However, I started to play moves
without a plan. Black's pieces are completely stuck, and it was the right
moment to create a plan.} (23. a4 $1 {It's usually advisable to keep more
pawns when you are on the offensive. But here there were concrete reasons. For
example, Black's next moves are obvious. To free his rook from b8, Black will
play Be7 & a6 to support b5. After that, I would have to play Bd7, but then it
would be met with Rd6. Imagine the same position with a6/axb5 axb5 included.
Now the b5 pawn is loose, which ties the rook on b8 permanently.} a6 (23...
bxa4 24. Ka2 $1 {is the point of, course.}) 24. axb5 axb5 {Now slowly White
can aim to transfer the rook to d5. Techincally this should be winning for
White}) 23... g6 24. g3 $6 a6 25. Re2 Be7 {I realized that I had messed up.
After a 15min think, I composed myself, went deep into the position and
started playing strongly & with high intensity.} 26. Kc1 {Prophylactic move.
Black is going to play Bc5, and then I didn't want to play f4 as it would
create weaknesses on the kingside. Another point is to have Rd2 whenever Black
brings the rook to d6.} Rb6 {Now that his rook is free, Black is back in the
game. Now I had to start the endgame grind all over again.} 27. Bd7 Rd6 28. Rd2
Rf6 {Black can only exchange the rooks if his king is protecting the a6-b5
pawns.} 29. Kd1 $1 Bc5 30. Ke1 Ke7 31. Bc8 $1 {The beginning of a sweet
manouevre.} Rc6 32. Re2+ $1 Kd8 (32... Kf8 {would allow the rook to enter:} 33.
Bd7 Rd6 34. Re8+ Kg7 35. Bc8 $16) 33. Bb7 Rf6 34. Bd5 $1 {All this drama to
make the rook awkwardly placed on f6!} Rf5 $6 (34... g5 $1 {It makes sense to
put the pawns on the dark squares.}) 35. Bb7 Rf6 36. f4 $1 {freeing the rook
on e2 and also restricting Black's pieces even further.} h5 $2 {I was shocked
to see this move. After h4 all the black pawns will permanently be on light
squares. Also, all bishop endgames are now lost for Black. For better or worse,
he had to play h6-g5 or wait passively.} (36... Kc7 37. Bd5 h6 $1 {At least
due to the idea of g5 he has some counterplay.}) 37. h4 Rd6 (37... Kc7 38. Bd5
Kd6 39. Re5 {would also slowly lose}) 38. Re5 $1 {The final precise move.} (38.
Rd2 Rxd2 39. Kxd2 Kc7 40. Bd5 Bf2 {It looked unneccesary to allow any
counterplay.}) 38... Rb6 (38... Ba7 39. Rd5 {Black will drop one more pawn. It
looks completely lost.}) 39. Rxc5 Rxb7 40. Rc6 $18 a5 41. f5 Kd7 42. Ra6 gxf5
43. Rf6 Ke7 44. Rxf5 b4 45. axb4 axb4 46. Kd2 1-0

[Event "Volgograd"]
[Site "Volgograd"]
[Date "1994.??.??"]
[Round "4"]
[White "Stripunsky, Alexander"]
[Black "Veresagin, Jurij"]
[Result "1-0"]
[WhiteElo "2510"]
[BlackElo "2360"]
[Annotator "Wahls,M"]
[PlyCount "61"]
[EventDate "1994.??.??"]
[EventType "tourn"]
[EventRounds "13"]
[EventCountry "NED"]
[EventCategory "8"]
[SourceTitle "CBM 041"]
[Source "ChessBase"]
[SourceDate "1994.08.01"]
[SourceVersion "1"]
[SourceVersionDate "1994.08.01"]
[SourceQuality "1"]

1. e4 e5 2. Nf3 Nf6 3. Nxe5 d6 4. Nf3 Nxe4 5. d4 d5 6. Bd3 Bd6 7. O-O O-O 8. c4
c6 9. cxd5 (9. Nc3 Nxc3 10. bxc3 dxc4 $5) 9... cxd5 10. Nc3 Nxc3 11. bxc3 Bg4 (
11... Nc6 12. Ng5 $1) 12. Rb1 Nd7 (12... b6) 13. h3 Bh5 14. Rb5 (14. a4 b6 15.
Rb5 Nf6 16. Bg5 Rc8 17. Bxf6 Qxf6 18. Rxd5 Bxf3 19. Qxf3 Qxf3 20. gxf3 Rxc3 21.
Rxd6 Rxd3 $10 {Ivanchuk,V-Rozentalis,E ,Lvov 1987}) (14. Rxb7 Nb6 15. Bd2 Qc8 (
15... h6 16. Re1 Qc8 17. Ba6 Qc6 18. Ne5 Qxb7 19. Bxb7 Bxd1 20. Bxa8 Bxe5 21.
dxe5 Ba4 22. Bb7 Bb5 $1 23. Rb1 Bc4 24. a3 Rb8 25. Bc6 Rc8 26. Bb5 Rc5 $44 {
Serper,G-Akopian,V ,Tblissi 1989}) (15... Bg6 16. Bxg6 hxg6 17. Qb3 Qc8 18.
Rxb6 axb6 19. Qxd5 Rd8 20. Qb3 Qa6 21. Rb1 Bc7 22. Rb2 $10 {Vodicka-Kalivoda ,
CSFR 1989}) 16. Bxh7+ $1 Kh8 (16... Kxh7 $2 17. Ng5+ Kg6 18. g4 Bxg4 19. hxg4
Qxb7 20. Re1 $1 {Idee 21.Dc2 +-}) 17. Rxb6 axb6 18. Bb1 $14 {Akopian}) 14...
Nb6 15. c4 (15. a4) 15... Bxf3 (15... Nxc4 16. Rxd5 Bh2+ 17. Nxh2 Qxd5 18. Bxc4
Qxc4 19. Qxh5 Qxa2 $2 (19... Qxd4 20. Nf3 Qc4 (20... Qf6 21. Be3 $16 {Jusupov})
21. a3 b6 22. Be3 Rad8 (22... Rac8 $1 23. Rd1 Rfd8 {Vladimirov}) 23. Rc1 Qd3
24. a4 $14 {Dvojris-Vladimirov ,Barnaul 1988}) (19... Rfd8 $1 $44 {Horvath,
J-Greenfeld,A ,Budapest 1989}) 20. d5 $1 $16) 16. Qxf3 dxc4 17. Bc2 Qd7 (17...
a6 $6 18. Bg5 f6 (18... Qc7 19. Bxh7+ $1 Kxh7 20. Qh5+ Kg8 21. Bf6 Bh2+ 22. Kh1
Qf4 23. Bxg7 Kxg7 24. Rg5+ Kf6 25. Qh6+ Ke7 26. Re5+ Kd7 27. Qxb6 $18 {Kudrin})
(18... axb5 19. Bxd8 Rfxd8 20. Qh5 g6 21. Qxb5 Bc7 22. a4 Rxd4 23. Qc5 Rd7 24.
g3 $16 {Beljavskij-Petursson ,Reykjavik 1988}) 19. Qh5 h6 20. Bxh6 axb5 21. Qg6
Qc7 22. Qh7+ Kf7 23. Re1 Rg8 24. Qg6+ Kf8 25. Qxf6+ $18 {Beljavskij}) (17...
Rb8 18. a4 a6 19. Bg5 Qc7 20. Bxh7+ $1 Kxh7 21. Qh5+ Kg8 22. Bf6 Bh2+ 23. Kh1
Qf4 24. Bxg7 Kxg7 25. Rg5+ Kf6 26. Qh6+ Ke7 27. Re5+ Kd7 28. Qxb6 $44 {Kudrin}
Rfe8 $5 {Jusupov}) (17... Qc7 $5 18. a4 (18. Bxh7+ $2 Kxh7 19. Rh5+ Kg8 20. Qf5
f6 21. Rh7 Qf7 22. Bh6 g6 23. Rxf7 gxf5 $19) 18... a6 19. Rh5 g6 20. Bh6 Rfe8
21. Qf6 Bf8 22. Bxf8 Rxf8 23. Rc5 Qd8 24. Qxd8 Raxd8 25. Rb1 Rd6 26. a5 Nd7 27.
Rxc4 b5 28. axb6 Nxb6 $10 {Beljavskij}) 18. a4 Rab8 (18... Rfe8 $2 19. Bf5 Qc6
20. Bxh7+ Kxh7 21. Qxf7 Be5 22. Rxe5 Rxe5 23. dxe5 $18 {Howell-Barua ,Great
Britain 1991}) (18... Bc7 19. Rc5 Bd6 20. a5 $1 Nc8 (20... Bxc5 21. dxc5 Nc8
22. a6) 21. Bf5 Qd8 22. a6 Ne7 23. axb7 Rb8 24. Bg5 $16 {Timman-Anand ,Tilburg
1991}) (18... g6 19. Bd2 c3 20. Qxc3 Rac8 21. Qb3 Rc7 22. Bd3 Rfc8 23. Re1 Bf8
24. a5 Nc4 $10 {Sokolov,A-Finegold ,Reykjavik 1990}) 19. Bd2 $5 {Eine Neuerung
mit sehr viel Gift,wie die nachfolgenden Varianten belegen.} (19. Bg5 Nc8 (
19... Bc7 20. Bf6 $1 Qd6 21. Be5 Qe7 22. a5 Na8 23. Bxh7+ Kxh7 24. Qh5+ Kg8 25.
Bxg7 f6 26. Qh8+ Kf7 27. Bxf8 Rxf8 28. Qh5+ Kg8 29. Qd5+ {Gavrilov-Frog corr.
1989/90} Rf7 30. g3 Bd6 31. Qxc4 $14 {Gavrilov}) 20. Rfb1 b6 21. Qh5 g6 (21...
f5 22. Qe2 Ne7 23. Qxc4+ Kh8 24. Qd3 g6 25. Qc3 Rbc8 26. Qb2 $16 {Gavrilov})
22. Bf6 Bf4 23. Qh4 Qd6 24. g3 a6 25. Rh5 $18) (19. Bb2 Nc8 (19... Rfe8 $1 {
Haba}) 20. Qc3 a6 {Chandler-Haba ,Deutscjland 1992} 21. Rh5 $1 g6 22. Rh6 Ne7
23. d5 f6 24. Qxc4 $16) 19... Rfe8 (19... Nc8 {Analog zur Variante 19.Lg5 Sc8.
Schwarz wehrt sich gegen die Drohung 20.Tfb1 nebst a5.} 20. Rfb1 {Ein Zug von
großem logistischen Wert,wie sich sogleich zeigen wird.} b6 21. Rh5 {Die
Pointe von 19.Ld2. Es steht kein Läufer auf g5.} (21. Bxh7+ $2 Kxh7 22. Rh5+
Kg8 23. Qf5 f6 (23... g6 $2 24. Qf6 gxh5 25. Bh6)) 21... g6 (21... h6 $2 22.
Bxh6 gxh6 23. Qf6 $1 {Idee 24.Lh7}) 22. Bh6 f5 (22... Re8 23. Qf6 Bf8 24. Bxf8
Rxf8 25. Rxh7 $1 Kxh7 26. Rb5 Kg8 (26... Qxb5 27. axb5 Kg8 28. h4 $18) (26...
Kh6 27. Rh5+ Kxh5 28. Qf4 g5 29. g4+ Qxg4+ 30. hxg4+ Kh6 31. Qf6#) 27. Rh5 gxh5
28. Qg5+ Kh8 29. Qh6+ Kg8 30. Qh7#) 23. Bxf8 Kxf8 (23... Bxf8 24. Bxf5 $1 gxf5
(24... Qf7 25. Qg4) 25. Qg3+) 24. Rh4 $16 (24. Bxf5 Qf7) (24. Rb5 Qe6 $1)) (
19... g6 20. Rfb1 Bc7 21. a5 Nc8 22. Bh6 (22. Rxb7 $2 Rxb7 23. Rxb7 Qxd4) 22...
Rd8 23. Rxb7 {Vorteil Weiß}) (19... Bc7 $5) 20. Bf5 Qc6 $2 (20... Qe7 $1 21.
Rfb1 g6 (21... Qe2 $2 22. Bxh7+ $1) 22. Bc2 (22. a5 $2 Nc8 23. Bc2 b6) 22...
Nc8 $5 (22... Qe2 $2 23. Qc3)) (20... Qc7 21. Rfb1 {Idee a5.Vorteil Weiß}) 21.
Bxh7+ $1 Kf8 (21... Kxh7 22. Qxf7 $18 Be5) 22. Qh5 Nd7 (22... Nxa4 23. Rf5 Re7
24. Bg6 $18) 23. Bf5 Nf6 24. Qh8+ Ng8 25. Bh7 Ke7 26. Qxg7 $18 {Ich danke
Arthur Jusupov,dessen C42-Monographie diesem Kommentar als Grundlage diente.}
Kd7 27. Bxg8 a6 28. Bxf7 axb5 29. Bd5+ Re7 30. Qg4+ Ke8 31. Bxc6+ 1-0

[Event "Politiken zt"]
[Site "Munkebo"]
[Date "1998.09.18"]
[Round "3.3"]
[White "Wedberg, Tom Birger"]
[Black "Nielsen, Peter Heine"]
[Result "1/2-1/2"]
[WhiteElo "2475"]
[BlackElo "2515"]
[Annotator "Wedberg,T"]
[PlyCount "100"]
[EventDate "1998.09.10"]
[EventType "k.o."]
[EventRounds "5"]
[EventCountry "DEN"]
[SourceTitle "CBM 067"]
[Source "ChessBase"]
[SourceDate "1998.11.30"]
[SourceVersion "2"]
[SourceVersionDate "1998.11.01"]
[SourceQuality "1"]

{This was a tie break game with 25 minutes per player plus 10 seconds extra
per move.} 1. e4 e5 2. Nf3 Nf6 3. Nxe5 d6 4. Nf3 Nxe4 5. d4 d5 6. Bd3 Nc6 7.
O-O Be7 8. c4 Nb4 9. Be2 Bf5 10. Nc3 O-O 11. a3 Nxc3 12. bxc3 Nc6 13. Bf4 Na5 (
13... Bd6 14. Bg5 Be7 15. cxd5 Qxd5 16. Bxe7 Nxe7 17. Ne5 Rad8 18. Bc4 Qd6 19.
Qf3 b6 20. Rfe1 Be6 {1/2-1/2 Palmo,P-Pihlajasalo,H/Naantali 1996/EXT 97 (20)})
14. cxd5 Qxd5 15. Bxc7 Rac8 16. Bxa5 Qxa5 17. c4 Bf6 18. Qb3 Qb6 19. Qxb6 axb6
20. Rfd1 Rfd8 21. Ra2 Be4 $1 22. d5 Bxf3 23. gxf3 Rd6 24. Bf1 Ra8 25. a4 Be7
26. Bd3 Ra5 $2 (26... Rdd8 27. Rb1 Bc5 $14) 27. Re1 Bf8 28. Re8 g6 29. Rb8 Rf6
30. Kg2 Ra7 31. Re2 Kg7 32. Ree8 Bc5 33. Ra8 $2 (33. Bc2 $1 Bd6 34. Rbd8 Bc5
35. Rd7 Bd6 36. Re6 Bc5 37. Kg3 {+/-/+-}) 33... Rxa8 34. Rxa8 Rd6 35. Rc8 Rd7
36. a5 Kf6 37. f4 Bd4 38. axb6 Bxb6 39. Rb8 Bc5 40. Kf3 b6 41. Ra8 Re7 42. Ra1
Bd4 43. Rd1 Bc5 44. Ra1 Bd4 45. Ra8 Bc5 46. Bc2 Re1 47. Bd3 Rh1 48. Kg3 Rg1+
49. Kf3 Rh1 50. Kg3 Rg1+ 1/2-1/2

[Event "Palma de Mallorca FIDE GP"]
[Site "Palma de Mallorca"]
[Date "2017.11.18"]
[Round "3"]
[White "Rapport, Richard"]
[Black "Li, Chao B"]
[Result "1/2-1/2"]
[WhiteElo "2692"]
[BlackElo "2741"]
[Annotator "Yermolinsky,A"]
[PlyCount "156"]
[EventDate "2017.11.16"]
[EventType "swiss"]
[EventRounds "9"]
[EventCountry "ESP"]
[SourceTitle "CBM 182"]
[Source "ChessBase"]
[SourceDate "2018.01.17"]
[SourceVersion "1"]
[SourceVersionDate "2018.01.17"]
[SourceQuality "1"]

1. e4 e5 2. Nf3 Nf6 3. Nxe5 d6 4. Nf3 Nxe4 5. d3 Nf6 6. d4 Be7 7. Bd3 O-O 8.
O-O Re8 9. Bf4 Nbd7 10. c4 d5 11. Qb3 c5 12. cxd5 Nb6 13. Nc3 cxd4 14. Nxd4
Nfxd5 15. Nxd5 Qxd5 16. Nb5 Rd8 17. Be2 Qxb3 18. axb3 Nd5 19. Be5 Bd7 20. Rfd1
Bxb5 21. Bxb5 Nb4 22. Bc7 Rxd1+ 23. Rxd1 a6 24. Be2 Kf8 25. Bg4 g6 26. g3 h5
27. Bh3 Nc6 28. Rd7 Nb8 29. Rd5 Nc6 30. Rd7 Nb8 31. Rd5 Nc6 32. Bb6 Ke8 33. Rd7
Rb8 34. f4 h4 35. Kf2 hxg3+ 36. Kxg3 Bd8 37. Bc5 Be7 38. Bxe7 Nxe7 39. Kh4 f6
$2 {A time trouble error, allowing the white bishop to reign supreme.} (39...
b5 40. Kg5 Rb6 {is nothing special for White.}) 40. Be6 $1 a5 41. Kg4 Kf8 42.
h4 b5 43. h5 gxh5+ 44. Kxh5 a4 45. b4 (45. Kh6 $1 {would cut down on Black's
counterplay:} axb3 46. Bxb3 Ke8 47. Be6 Rb6 48. f5 $16) 45... Ke8 46. f5 Nc6
47. Rh7 Rd8 48. Kg6 Rd2 49. Kxf6 Kd8 50. Rb7 Nxb4 51. Rxb5 ({The win wasn't
that close, but still within Richard's reach had he found} 51. Kg7 $1 Na6 (
51... Rg2+ 52. Kf8 Rxb2 53. Rd7+) 52. f6 Nc5 53. Rb8+ Kc7 54. Rc8+ Kb6 {
and now the study-like idea} 55. Bf5 $1 (55. Bh3 Rxb2 56. f7 Rf2 57. f8=Q Rxf8
58. Kxf8 a3 59. Ra8 b4 60. Ke7 Ne4 {is likely going to be a draw.}) 55... Rf2
56. Kg6 Rg2+ 57. Kh5 Rf2 58. Kg5 Rg2+ 59. Kf4 Rf2+ 60. Ke5 Re2+ 61. Kd4 {
getting the king in the middle of action.}) 51... Rxb2 52. Ra5 (52. Rb7 a3 53.
Rd7+ Kc8 $1 (53... Ke8 54. Rd6 $18) 54. Ra7+ Kb8 55. Rxa3 {would lead to the
same thing.}) 52... Nc6 53. Rxa4 {Rapport put in a great effort here, but the
position is objectively drawn, and he couldn't overcome the stubborn
resistance by Li Chao.} Rb4 54. Ra3 Kc7 55. Kf7 Ne5+ 56. Ke7 Nc6+ 57. Kf7 Ne5+
58. Kg7 Rg4+ 59. Kf8 Rf4 60. Ke7 Nc6+ 61. Kf7 Rf2 62. Ra1 Rf4 63. Ra2 Kd6 64.
Ra6 Kc7 65. f6 Ne5+ 66. Kg7 Rf1 67. Bh3 Rf3 68. Be6 Rf1 69. Ra7+ Kd6 70. Bh3
Rg1+ 71. Kf8 Rg3 72. Bc8 Rc3 73. Ra6+ Kc7 74. Re6 Re3 75. f7 Kxc8 76. Ke8 Nxf7
77. Rxe3 Nd6+ 78. Ke7 Nf5+ 1/2-1/2